[Event "Vlissingen HZ op 26th"]
[Site "Vlissingen"]
[Date "2024.08.03"]
[Round "1"]
[White "De Feijter, David"]
[Black "Krause, Thomas2"]
[Result "1/2-1/2"]
[WhiteElo "1840"]
[BlackElo "2144"]
[PlyCount "94"]
[EventDate "2024.08.03"]
[EventType "swiss"]
[EventRounds "9"]
[EventCountry "NED"]
[SourceTitle "CBM 221 Extra"]
[Source "ChessBase"]
[SourceDate "2024.09.30"]
[SourceVersion "1"]
[SourceVersionDate "2024.09.30"]
[SourceQuality "1"]

1. c4 g6 2. Nc3 Bg7 3. g3 c5 4. Bg2 Nc6 5. e4 Nf6 6. Nge2 d6 7. 0-0 0-0 8. d3 Rb8 9. h3 Ne8 10. Be3 Nd4 11. Qd2 Nc7 12. Bh6 Nxe2+ 13. Nxe2 e5 14. Bxg7 Kxg7 15. f4 f6 16. f5 g5 17. Bf3 b5 18. h4 gxh4 19. gxh4 Bd7 20. Kh2 Qe7 21. Rg1+ Kh8 22. b3 b4 23. h5 Rg8 24. h6 Rxg1 25. Rxg1 Rg8 26. Ng3 Qf8 27. Nh5 Rxg1 28. Kxg1 Ne8 29. Kf1 a5 30. Ke1 a4 31. Bd1 a3 32. Bf3 Qg8 33. Kf1 Qf8 34. Ke1 Kg8 35. Qg2+ Kf7 36. Qd2 Ke7 37. Kf1 Qg8 38. Kf2 Qf8 39. Qe3 Qg8 40. Be2 Bc6 41. Qg3 Qxg3+ 42. Kxg3 Kf7 43. Kh4 Bd7 44. Ng3 Nc7 45. Nf1 Ke7 46. Ne3 Be8 47. Nd5+ Nxd5 1/2-1/2

[Event "Vlissingen HZ op 23rd"]
[Site "Vlissingen"]
[Date "2019.08.03"]
[Round "1"]
[White "De Feijter, David"]
[Black "Zwirs, Nico"]
[Result "0-1"]
[WhiteElo "1778"]
[BlackElo "2391"]
[PlyCount "86"]
[EventDate "2019.08.03"]
[EventType "swiss"]
[EventRounds "9"]
[EventCountry "NED"]
[SourceTitle "CBM 191 Extra"]
[Source "ChessBase"]
[SourceDate "2019.09.30"]
[SourceVersion "1"]
[SourceVersionDate "2019.09.30"]
[SourceQuality "1"]

1. g3 d5 2. Bg2 Nf6 3. f4 c6 4. Nf3 Qb6 5. b3 g6 6. Bb2 Bg7 7. e3 0-0 8. Nc3 a5 9. Na4 Qc7 10. Be5 Qd8 11. 0-0 Bg4 12. h3 Bxf3 13. Bxf3 Nbd7 14. Bb2 b5 15. Nc3 e5 16. Ne2 Re8 17. Bg2 exf4 18. Nxf4 Nc5 19. Kh2 Qc7 20. Bxf6 Bxf6 21. Nxd5 cxd5 22. Rxf6 Rad8 23. Qe2 h5 24. Raf1 Re7 25. d4 Ne6 26. R1f2 Nxd4 27. Qd3 Nf5 28. R2xf5 gxf5 29. Qxf5 Qe5 30. Qf3 Rd6 31. Rf5 Qxe3 32. Qxh5 Rg6 33. Rf3 Qg5 34. Qxg5 Rxg5 35. Rd3 Re2 36. Rc3 Rf5 37. Kg1 Re1+ 38. Kh2 Rf2 39. g4 Ree2 40. Rg3 Rxc2 41. a3 d4 42. Kg1 Rxg2+ 43. Rxg2 d3 0-1